| 000 | 00628nam a22002537a 4500 | ||
|---|---|---|---|
| 005 | 20250529152935.0 | ||
| 008 | 230505b2014 |||||||| |||| 00| 0 spa d | ||
| 020 | _a9788494180231 | ||
| 041 | _aESP | ||
| 082 | _a895.6 V422pi | ||
| 100 | _aVega Esteban, Sergio | ||
| 245 | _aLas piedras de Chihaya 2: la nube rasgada | ||
| 260 | _aEspaña | ||
| 260 | _bQuaterni | ||
| 260 | _c2014 | ||
| 300 | _a533 páginas | ||
| 440 | _aLas piedras de Chihaya | ||
| 650 | _aLITERATURA JAPONESA | ||
| 650 | _aNOVELA HISTÓRICA | ||
| 650 | _aNOVELA DE AVENTURA | ||
| 650 | _aSAMURÁIS | ||
| 650 | _aNINJAS | ||
| 942 |
_cLIT _2ddc |
||
| 999 |
_c13543 _d13543 |
||